000 00802nam a2200277 c 4500
003 BLK
005 20180808135015.0
008 180409b bul|||||r ||||||| ||bul||
010 _aKNG00140174000
020 _a0-85635-716-2
_bиздат.: Carcanet
040 _aBLK
041 _aENG
_cENG
080 _aАнглийска литература
_b821.111
_x-32
_z821.111-32
100 1 _aJosipovici, Gabriel
_eпърви автор
_914296
139 _aJosipovici, Gabriel
_bJ 78
245 1 0 _aIn the fertile land
_cGabriel Josipovici.
257 _aGBR
260 Manchester
_bCarcanet
_c1987
300 _a212 p.
_c23 cm
380 _aX
852 _aЦб 165600
856 4 _qpdf
_u
856 4 _qpdf
_u
942 _cKNG
_n0
_01
944 _aCR
_c01.03.2013
_kГеновева_Генчева
944 _aED
_c01.03.2013
_k
999 _c134266
_d134266